000 00705nam a2200217 i 4500
001 97692
003 ES-MaACL
005 20230906182139.0
007 t|
008 050715s1976 sp ||||1| spa d
100 1 _aMariel, Pierre.
_976718
245 1 0 _aParacelso o el tormento de saber /
_cPierre Mariel ; [traducción Jesús Florentino Díaz Prieto].
260 _aMadrid :
_bEdaf,
_c1976.
300 _a235 p. con 1 lám. ;
_c21 cm.
490 1 _aEsoterismo. La tabla de Esmeralda
600 0 4 _aParacelsus.
_988902
700 1 _aDíaz Prieto, Jesús Florentino.
_944400
830 0 _aEsoterismo. La tabla de Esmeralda
_9183814
852 _aES-MaACL
_jA-6923
_bR.95583
999 _c97692
_d97692